Krize jako šance pro trh práce
Čo dobré môže priniesť hospodárska recesia pracovnému trhu a riadeniu ľudských zdrojov. Väčší priestor v nábore pracovníkov. Nové formy pracovného trhu. Talent manažment nielen na papieri. Úspory, optimalizácia nákladov.
Gespeichert in:
| 1. Verfasser: | |
|---|---|
| Format: | Buchkapitel |
| Sprache: | Tschechisch |
| Schlagworte: | |
| Tags: |
Keine Tags, Fügen Sie das erste Tag hinzu!
|
MARC
| LEADER | 00000naa$a2200000$$$4500 | ||
|---|---|---|---|
| 001 | 0095632 | ||
| 005 | 20231019115003.9 | ||
| 041 | 0 | |a cze | |
| 044 | |a CZ | ||
| 245 | 1 | 0 | |a Krize jako šance pro trh práce |c Jana Skalová |
| 520 | |a Čo dobré môže priniesť hospodárska recesia pracovnému trhu a riadeniu ľudských zdrojov. Väčší priestor v nábore pracovníkov. Nové formy pracovného trhu. Talent manažment nielen na papieri. Úspory, optimalizácia nákladov. | ||
| 610 | 2 | 0 | |a kríza hospodárska |
| 610 | 2 | 0 | |a recesia |
| 610 | 2 | 0 | |a trh práce |
| 610 | 2 | 0 | |a nábor pracovníkov |
| 610 | 2 | 0 | |a talenty |
| 610 | 2 | 0 | |a náklady |
| 610 | 2 | 0 | |a optimalizácia |
| 100 | 1 | |a Skalová, Jana | |